[Event "Bad Harzburg op 13th"]
[Site "Bad Harzburg"]
[Date "2012.10.30"]
[Round "1"]
[White "Leidorf, Sebastian"]
[Black "Schalla, Karl Otto"]
[Result "1-0"]
[WhiteElo "2051"]
[BlackElo "1517"]
[PlyCount "79"]
[EventDate "2012.10.30"]
[EventType "swiss"]
[EventRounds "8"]
[EventCountry "GER"]
[SourceTitle "EXT 2014"]
[Source "ChessBase"]
[SourceDate "2013.11.20"]
[SourceVersion "1"]
[SourceVersionDate "2013.11.20"]
[SourceQuality "1"]

1. c4 g6 2. g3 Bg7 3. Bg2 d6 4. Nc3 c6 5. e4 Nf6 6. Nge2 Na6 7. d4 0-0 8. 0-0 Be6 9. d5 Bg4 10. h3 Bc8 11. Be3 c5 12. Qd2 Re8 13. b3 e5 14. Rab1 Bd7 15. Kh2 h5 16. b4 b6 17. bxc5 bxc5 18. Rb7 Qa5 19. Nb5 Qxd2 20. Bxd2 Bf8 21. Rxa7 Rxa7 22. Nxa7 Rb8 23. Nc3 Rb2 24. Be3 Ne8 25. Rb1 Rc2 26. Rc1 Rb2 27. Rb1 Rc2 28. Rb3 f5 29. Bf3 f4 30. Bd1 Rxc3 31. Rxc3 fxe3 32. Rxe3 Bh6 33. Rb3 Ba4 34. Rb1 Bd7 35. Rb7 Nac7 36. Nb5 Bc8 37. Rb8 Nxb5 38. cxb5 Bd7 39. b6 Bd2 40. Rxe8+ 1-0